Principles of cost accounting /

This book is about : Cost accounting; Accounting for materials, for labor, for factory overhead; Cost accounting for service businesses...

Wedi'i Gadw mewn:
Manylion Llyfryddiaeth
Prif Awdur: VanDerbeck, Edward J.
Awduron Eraill: Nagy, Charles F.
Fformat: Llyfr
Iaith:English
Cyhoeddwyd: Cincinnati, OH : South-Western College, 1999.
Rhifyn:11th ed.
Pynciau:
Tagiau: Ychwanegu Tag
Dim Tagiau, Byddwch y cyntaf i dagio'r cofnod hwn!
Thư viện lưu trữ: Mạng thư viện Đại học Đà Nẵng
LEADER 01051cam a2200361 i 4500
001 000047598
003 7288
005 20030312104650.0
008 010320|1999 vm 000 eng
020 |a 0538873426 
040 |a IRC  |c IRC  |d IRC 
041 0 |a eng 
082 1 4 |a 657.42  |b VA-E 
100 1 |a VanDerbeck, Edward J. 
245 0 0 |a Principles of cost accounting /  |c Edward J. VanDerbeck, Charles F. Nagy. 
250 |a 11th ed. 
260 |a Cincinnati, OH :  |b South-Western College,  |c 1999. 
300 |a xiv, 466 p. ;  |c 23cm. 
520 3 |a This book is about : Cost accounting; Accounting for materials, for labor, for factory overhead; Cost accounting for service businesses... 
630 0 4 |a Accounting. 
630 0 4 |a Economics. 
650 0 4 |a Cost accounting. 
700 1 |a Nagy, Charles F. 
OWN |a DUT 
999 |a From the UDN01 
TYP |a Monograph 
TYP |a Printed language 
980 |a Mạng thư viện Đại học Đà Nẵng